000 00365nam a2200145Ia 4500
008 230917s9999||||xx |||||||||||||| ||und||
040 _e247024
_aMAIN
041 _aEnglish
082 _a342.085 N63R
100 _aNisha Kumari
245 0 _aRight to life and personal liberty in India: A critical analysis
260 _c2016
300 _a105 p.
942 _cTH
999 _c127985
_d127985